000 01359cam a22003134a 4500
999 _c24097
_d24097
001 4048731
003 RCMS
005 20170601105049.0
008 990325s2000 at a b 001 0 eng
010 _a 99026100
020 _a0534362524 (alk. paper)
040 _aDLC
_cRCMS
_dDLC
042 _apcc
050 0 0 _aHF5548.8
_b.M756 2000
082 0 0 _a158.7 MUC
_221
100 1 _aPaul M. Muchinsky.
_91795
245 1 0 _aPsychology applied to work :
_ban introduction to industrial and organizational psychology /
_cPaul M. Muchinsky.
250 _a6th ed.
260 _aAustralia ;
_aBelmont, CA :
_bWadsworth Pub.,
_cc2000.
300 _axxiv, 551 p. :
_bill. (some col.) ;
_c24 cm.
504 _aIncludes bibliographical references (p. 505-533) and indexes.
538 _iShelf # 13, Row # 1, Fiction.
650 0 _aPsychology, Industrial.
_91203
650 0 _aOrganizational behavior.
_91796
856 _3Table of Contents Only.
906 _a7
_bcbc
_corignew
_d1
_eocip
_f19
_gy-gencatlg
942 _2ddc
_cBK
_h158.7 MUC